[Event "Landesliga Nord 1819"]
[Site "Bayern"]
[Date "2018.11.25"]
[Round "3.5"]
[White "Mittag, Ralf"]
[Black "Frieser, Klaus"]
[Result "1/2-1/2"]
[WhiteElo "2067"]
[BlackElo "2079"]
[PlyCount "42"]
[EventDate "2018.10.21"]
[EventType "team-tourn"]
[EventRounds "9"]
[EventCountry "GER"]
[SourceTitle "EXT 2022"]
[Source "ChessBase"]
[SourceDate "2021.10.06"]
[SourceVersion "1"]
[SourceVersionDate "2021.10.06"]
[SourceQuality "1"]
[WhiteTeam "Bamberg SC"]
[BlackTeam "Kelheim SK"]
[WhiteTeamCountry "GER"]
[BlackTeamCountry "GER"]

1. c4 e6 2. e4 d5 3. cxd5 exd5 4. exd5 Nf6 5. Bc4 Nbd7 6. Nc3 Nb6 7. Bb5+ Bd7 8. Qb3 Bxb5 9. Qxb5+ Qd7 10. Qxd7+ Kxd7 11. Nge2 Nbxd5 12. 0-0 c6 13. d4 Rd8 14. Bg5 Be7 15. Rfd1 Kc8 16. Rac1 Rhe8 17. Kf1 h6 18. Bh4 Ng4 19. Bxe7 Rxe7 20. h3 Ngf6 21. Ng1 g5 1/2-1/2

[Event "Oberliga Bayern 1516"]
[Site "Bayern"]
[Date "2015.10.11"]
[Round "1.6"]
[White "Hellmayr, Alois"]
[Black "Frieser, Klaus"]
[Result "1/2-1/2"]
[WhiteElo "2235"]
[BlackElo "2112"]
[PlyCount "95"]
[EventDate "2015.10.11"]
[EventType "team-tourn"]
[EventRounds "9"]
[EventCountry "GER"]
[SourceTitle "EXT 2018"]
[Source "ChessBase"]
[SourceDate "2017.10.13"]
[SourceVersion "1"]
[SourceVersionDate "2017.10.13"]
[SourceQuality "1"]
[WhiteTeam "Passau"]
[BlackTeam "Kelheim"]
[WhiteTeamCountry "GER"]
[BlackTeamCountry "GER"]

1. Nf3 d5 2. g3 c6 3. Bg2 e6 4. 0-0 Be7 5. d3 Nf6 6. Nbd2 0-0 7. e4 Nbd7 8. e5 Ne8 9. Re1 f6 10. exf6 Ndxf6 11. c4 Nc7 12. b3 Nfe8 13. Bb2 Bf6 14. Qc2 Bxb2 15. Qxb2 Qf6 16. Qc2 Nd6 17. Rad1 Bd7 18. Re2 Be8 19. Ne5 Rd8 20. Ndf3 Bh5 21. Rde1 Nf7 22. g4 Bg6 23. h3 h5 24. Qc1 Nxe5 25. Nxe5 Kh7 26. c5 Qf4 27. Qc2 Qd4 28. Nxg6 Kxg6 29. gxh5+ Kh7 30. Qc1 Qxd3 31. Qg5 Qf5 32. Qe7 Qf7 33. Qg5 Qf5 34. Qg3 Rf7 35. Re5 Qf6 36. R1e3 Rdf8 37. Rf3 Qh6 38. Rxf7 Rxf7 39. Bf1 Qf4 40. Bd3+ Kg8 41. Kg2 Rf6 42. Re2 Kf7 43. Bg6+ Ke7 44. Bd3 Kf7 45. Bg6+ Ke7 46. Bd3 Ne8 47. Bg6 Nc7 48. Bd3 1/2-1/2

[Event "GER Seniors Derby 14th"]
[Site "Wesel Undeloh"]
[Date "2015.04.16"]
[Round "2"]
[White "Orlowski, Juliusz"]
[Black "Frieser, Klaus"]
[Result "1/2-1/2"]
[WhiteElo "1767"]
[BlackElo "2083"]
[PlyCount "125"]
[EventDate "2015.04.15"]
[EventType "swiss"]
[EventRounds "9"]
[EventCountry "GER"]
[SourceTitle "EXT 2018"]
[Source "ChessBase"]
[SourceDate "2017.10.13"]
[SourceVersion "1"]
[SourceVersionDate "2017.10.13"]
[SourceQuality "1"]

1. e4 e5 2. Nf3 Nf6 3. Nc3 Bb4 4. Bc4 0-0 5. 0-0 Nxe4 6. Nxe5 Bxc3 7. bxc3 d6 8. Nd3 a5 9. a4 Bf5 10. f3 Nf6 11. Nf4 d5 12. Be2 d4 13. Bb2 c5 14. cxd4 cxd4 15. Bb5 Nc6 16. g4 Bg6 17. c3 Qb6 18. Kg2 Rfd8 19. Nxg6 hxg6 20. c4 Re8 21. Re1 Rxe1 22. Qxe1 Re8 23. Qf2 Rd8 24. Re1 Qc5 25. d3 g5 26. Bc1 Ne5 27. Qd2 Nh7 28. Qe2 Ng6 29. Qe4 b6 30. Qc6 Qxc6 31. Bxc6 f6 32. Kg3 Nhf8 33. Be4 Ne5 34. f4 gxf4+ 35. Bxf4 Nfd7 36. g5 Nc5 37. Bxe5 fxe5 38. Bd5+ Kf8 39. Rxe5 Nxd3 40. Re6 Nc5 41. Rxb6 Nxa4 42. Rb7 d3 43. Rf7+ Ke8 44. Rf2 Nc3 45. Bf3 d2 46. Bh5+ Ke7 47. Rf7+ Ke6 48. Rxg7 d1Q 49. Bxd1 Rxd1 50. h4 a4 51. Ra7 Rd4 52. Ra6+ Kf5 53. Ra5+ Ke6 54. c5 Ne2+ 55. Kf3 Nf4 56. Ra6+ Ke5 57. c6 Rc4 58. c7 Rxc7 59. Rxa4 Nd5 60. Kg4 Nf6+ 61. gxf6 Kxf6 62. h5 Kg7 63. Rf4 1/2-1/2

[Event "Landesliga Nord 1415"]
[Site "Bayern"]
[Date "2015.02.01"]
[Round "6.5"]
[White "Krauss, Josef"]
[Black "Frieser, Klaus"]
[Result "0-1"]
[WhiteElo "2023"]
[BlackElo "2112"]
[PlyCount "74"]
[EventDate "2014.10.19"]
[EventType "team-tourn"]
[EventRounds "9"]
[EventCountry "GER"]
[SourceTitle "EXT 2018"]
[Source "ChessBase"]
[SourceDate "2017.10.13"]
[SourceVersion "1"]
[SourceVersionDate "2017.10.13"]
[SourceQuality "1"]
[WhiteTeam "Schweinfurt"]
[BlackTeam "Kelheim"]
[WhiteTeamCountry "GER"]
[BlackTeamCountry "GER"]

1. e4 e5 2. Nf3 Nf6 3. Nc3 Bb4 4. Nxe5 0-0 5. Be2 d6 6. Nd3 Bxc3 7. dxc3 Nxe4 8. Nf4 Nd7 9. 0-0 Ndf6 10. f3 Nc5 11. c4 Bf5 12. b3 Qe7 13. Rf2 Qe5 14. Rb1 Rfe8 15. Nd3 Bxd3 16. cxd3 Ne6 17. f4 Qc5 18. b4 Qb6 19. Bb2 Nxf4 20. Bf1 Ng6 21. Bxf6 gxf6 22. d4 Re4 23. c5 dxc5 24. bxc5 Qc6 25. g3 Rae8 26. Bg2 Re1+ 27. Qxe1 Rxe1+ 28. Rxe1 Qa4 29. Re4 c6 30. Rxf6 Qxa2 31. h4 h5 32. Kh2 a5 33. Re1 a4 34. Rff1 a3 35. Rb1 Qd2 36. Rxb7 Qxd4 37. Ra7 Qxc5 0-1

[Event "Landesliga Nord 1112"]
[Site "Bayern"]
[Date "2012.04.15"]
[Round "9.6"]
[White "Frieser, Klaus"]
[Black "Lukas, Norbert"]
[Result "1-0"]
[WhiteElo "2045"]
[BlackElo "2011"]
[PlyCount "87"]
[EventDate "2011.10.02"]
[EventType "team-tourn"]
[EventRounds "9"]
[EventCountry "GER"]
[SourceTitle "EXT 2015"]
[Source "ChessBase"]
[SourceDate "2014.11.20"]
[SourceVersion "1"]
[SourceVersionDate "2014.11.20"]
[SourceQuality "1"]
[WhiteTeam "Kelheim"]
[BlackTeam "Schweinfurt"]
[WhiteTeamCountry "GER"]
[BlackTeamCountry "GER"]

1. d4 Nf6 2. c4 e6 3. Nc3 d5 4. Nf3 c6 5. e3 g6 6. Bd3 Bg7 7. 0-0 0-0 8. b3 Nbd7 9. Bb2 Re8 10. Rc1 dxc4 11. Bxc4 Nb6 12. Be2 Nfd5 13. Ne4 f5 14. Nc5 Nd7 15. Nd3 Bh6 16. Qd2 N7f6 17. Rc2 Ng4 18. Nf4 Qd6 19. Ne5 Ngf6 20. Bf3 g5 21. Nxd5 exd5 22. Qa5 Bf8 23. Qd2 Be6 24. a3 Ne4 25. Bxe4 dxe4 26. Nc4 Qd8 27. d5 Qxd5 28. Qc3 Re7 29. Qh8+ Kf7 30. Rd2 Qc5 31. Qf6+ Kg8 32. Qh8+ Kf7 33. Nd6+ Kg6 34. Qf6+ Kh5 35. h4 h6 36. b4 Qb6 37. hxg5 hxg5 38. Qh8+ Kg6 39. g4 fxg4 40. Qf6+ Kh5 41. Kg2 g3 42. Rh1+ Kg4 43. f3+ exf3+ 44. Qxf3# 1-0

[Event "Landesliga Nord 1112"]
[Site "Bayern"]
[Date "2012.03.18"]
[Round "8.5"]
[White "Frieser, Klaus"]
[Black "Heimrath, Wolfgang"]
[Result "1/2-1/2"]
[WhiteElo "2045"]
[BlackElo "2061"]
[PlyCount "21"]
[EventDate "2011.10.02"]
[EventType "team-tourn"]
[EventRounds "9"]
[EventCountry "GER"]
[SourceTitle "EXT 2015"]
[Source "ChessBase"]
[SourceDate "2014.11.20"]
[SourceVersion "1"]
[SourceVersionDate "2014.11.20"]
[SourceQuality "1"]
[WhiteTeam "Kelheim"]
[BlackTeam "Zirndorf"]
[WhiteTeamCountry "GER"]
[BlackTeamCountry "GER"]

1. d4 Nf6 2. c4 e6 3. Nc3 Bb4 4. e3 d5 5. a3 Bxc3+ 6. bxc3 0-0 7. Bd3 b6 8. cxd5 exd5 9. Nf3 c5 10. 0-0 Nc6 11. Ne5 1/2-1/2

[Event "Landesliga Nord 1112"]
[Site "Bayern"]
[Date "2012.01.15"]
[Round "5.6"]
[White "Frieser, Klaus"]
[Black "Tiller, Jaroslav"]
[Result "1-0"]
[WhiteElo "2045"]
[BlackElo "2044"]
[PlyCount "71"]
[EventDate "2011.10.02"]
[EventType "team-tourn"]
[EventRounds "9"]
[EventCountry "GER"]
[SourceTitle "EXT 2013"]
[Source "ChessBase"]
[SourceDate "2012.11.22"]
[SourceVersion "1"]
[SourceVersionDate "2012.11.22"]
[SourceQuality "1"]
[WhiteTeam "Kelheim"]
[BlackTeam "Bindlach II"]
[WhiteTeamCountry "GER"]
[BlackTeamCountry "GER"]

1. d4 Nf6 2. c4 c5 3. d5 e5 4. Nc3 d6 5. e4 Be7 6. Be2 0-0 7. h3 a6 8. a4 Nbd7 9. Nf3 Ne8 10. Qc2 g6 11. g4 Ng7 12. Bh6 f6 13. 0-0-0 Rf7 14. Rdg1 Nf8 15. Ne1 Bd7 16. Ng2 Qa5 17. b3 Qb4 18. Kb2 Bd8 19. Nb5 g5 20. Nxd6 Re7 21. h4 b5 22. hxg5 fxg5 23. Bxg5 bxa4 24. Bxe7 Bxe7 25. Nf5 Bg5 26. Qc3 Qb6 27. f4 Bxf5 28. gxf5 exf4 29. Nxf4 Bf6 30. e5 Bxe5 31. Qxe5 Qxb3+ 32. Kc1 Qa3+ 33. Kd1 Qb3+ 34. Ke1 Ra7 35. Nh5 Qc3+ 36. Qxc3 1-0

[Event "Landesliga Nord 1011"]
[Site "Bayern"]
[Date "2011.03.20"]
[Round "8.7"]
[White "Fischer, Emil"]
[Black "Frieser, Klaus"]
[Result "1-0"]
[WhiteElo "2088"]
[BlackElo "2045"]
[PlyCount "47"]
[EventDate "2010.10.10"]
[EventType "team-tourn"]
[EventRounds "9"]
[EventCountry "GER"]
[SourceTitle "EXT 2012"]
[Source "ChessBase"]
[SourceDate "2011.11.24"]
[SourceVersion "1"]
[SourceVersionDate "2011.11.24"]
[SourceQuality "1"]
[WhiteTeam "Schweinfurt"]
[BlackTeam "Kelheim"]
[WhiteTeamCountry "GER"]
[BlackTeamCountry "GER"]

1. e4 e5 2. Bc4 Nf6 3. d3 Nc6 4. Nf3 Be7 5. 0-0 0-0 6. c3 a6 7. Bb3 d6 8. Re1 Bg4 9. Nbd2 b5 10. Nf1 Qd7 11. h3 Bh5 12. Ng3 Bg6 13. d4 exd4 14. cxd4 d5 15. Ne5 Qd6 16. Nxg6 hxg6 17. e5 Qb4 18. exf6 Bxf6 19. Bxd5 Rae8 20. Bd2 Qd6 21. Bxc6 Qxc6 22. Be3 Qd5 23. Ne2 Rd8 24. Qb3 1-0

[Event "Landesliga Nord 1011"]
[Site "Bayern"]
[Date "2010.10.10"]
[Round "1.7"]
[White "Frey, Michael"]
[Black "Frieser, Klaus"]
[Result "1-0"]
[WhiteElo "2069"]
[BlackElo "2045"]
[PlyCount "87"]
[EventDate "2010.10.10"]
[EventType "team-tourn"]
[EventRounds "9"]
[EventCountry "GER"]
[SourceTitle "EXT 2012"]
[Source "ChessBase"]
[SourceDate "2011.11.24"]
[SourceVersion "1"]
[SourceVersionDate "2011.11.24"]
[SourceQuality "1"]
[WhiteTeam "Obernau"]
[BlackTeam "Kelheim"]
[WhiteTeamCountry "GER"]
[BlackTeamCountry "GER"]

1. d4 d5 2. c4 e6 3. Nc3 f5 4. Nf3 c6 5. g3 Nf6 6. Bg2 Bd6 7. cxd5 exd5 8. Bf4 0-0 9. Bxd6 Qxd6 10. Ne5 Nbd7 11. f4 Qb4 12. Qd2 Nxe5 13. fxe5 Ng4 14. e3 Be6 15. h3 Nh6 16. Ne2 Qxd2+ 17. Kxd2 Nf7 18. b4 Rfc8 19. Nf4 Nd8 20. Rhc1 Bf7 21. Bf3 Ne6 22. Nxe6 Bxe6 23. h4 Kf7 24. Rc5 Ke7 25. Rac1 a6 26. a4 Kd7 27. Be2 b6 28. R5c2 b5 29. Ra1 Rcb8 30. Rca2 Rb6 31. axb5 cxb5 32. Ra5 Kc7 33. Bxb5 Kb7 34. Bd3 Rxb4 35. Rxa6 Rxa6 36. Rxa6 Rb6 37. Rxb6+ Kxb6 38. Ke2 g6 39. Kf3 h6 40. Kf4 Bf7 41. h5 g5+ 42. Kxf5 Bxh5 43. Kf6 Be8 44. Bg6 1-0

[Event "Landesliga Nord 0809"]
[Site "Bayern"]
[Date "2009.03.29"]
[Round "9.6"]
[White "Sargin, Anatol"]
[Black "Frieser, Klaus"]
[Result "1/2-1/2"]
[WhiteElo "2118"]
[BlackElo "2107"]
[PlyCount "142"]
[EventDate "2008.10.05"]
[EventType "team-tourn"]
[EventRounds "9"]
[EventCountry "GER"]
[SourceTitle "EXT 2020"]
[Source "ChessBase"]
[SourceDate "2019.10.17"]
[SourceVersion "1"]
[SourceVersionDate "2019.10.17"]
[SourceQuality "1"]
[WhiteTeam "Nuernberg NT II"]
[BlackTeam "Kelheim"]
[WhiteTeamCountry "GER"]
[BlackTeamCountry "GER"]

1. e4 e5 2. Nf3 Nf6 3. Nxe5 d6 4. Nf3 Nxe4 5. d4 d5 6. Bd3 Be7 7. 0-0 Nc6 8. c4 Nb4 9. cxd5 Nxd3 10. Qxd3 Nf6 11. Qb5+ Qd7 12. Qxd7+ Bxd7 13. Nc3 0-0-0 14. Re1 Bb4 15. Bg5 Rde8 16. Bxf6 gxf6 17. Re3 Reg8 18. a3 Bd6 19. Nd2 Bf4 20. Re2 Bg4 21. f3 Bxd2 22. Rxd2 Bxf3 23. Rf2 Bh5 24. Rxf6 Rg4 25. Rd1 Re8 26. Rf5 Rh4 27. Rd2 Bg6 28. Re5 Rd8 29. g3 Rg4 30. Kf2 f6 31. Re7 Rd7 32. Re6 f5 33. h3 Rg5 34. Rde2 Rg7 35. R2e3 Bf7 36. R6e5 f4 37. gxf4 Rg2+ 38. Kf3 R7g3+ 39. Ke4 Rxe3+ 40. Kxe3 Rg3+ 41. Ke4 Rxh3 42. Kf5 Rf3 43. Kg5 h6+ 44. Kf5 Kd8 45. Nb5 Rb3 46. Nxc7 Kxc7 47. Re7+ Kd6 48. Rxf7 Rxb2 49. Rf8 Kxd5 50. Rd8+ Kc6 51. Rh8 Kd5 52. Rd8+ Kc6 53. Ke6 Re2+ 54. Kf6 Ra2 55. f5 Rxa3 56. Ke6 Re3+ 57. Kf7 a5 58. f6 a4 59. d5+ Kc7 60. Re8 Rf3 61. Re4 Kd6 62. Rxa4 Kxd5 63. Rb4 Kc6 64. Kg7 b5 65. f7 Kc5 66. Rb1 b4 67. Rh1 b3 68. Rxh6 b2 69. Rf6 Rxf6 70. Kxf6 b1Q 71. f8Q+ Kd4 1/2-1/2